000 00722cab a2200205 4500
001 ABS41260
008 090401t1989 xxu||||| |||| 00| 0 eng d
035 _a(Sirsi) u29214
041 _aeng
100 _aDigby, C.
245 4 _aThe hypothetical premises
260 _c1989
350 _a0
490 _aRent Review & Lease Renewal
_v9(4) Summer 1989, 325-332(8)
520 _aExamines the valuation , for rent review , of premises for a notional fresh letting when the premises have been improved or, through one of the parties not complying with the obligations of the lease, altered in some way.
650 _aIMPROVEMENTS
690 _aLANDLORD AND TENANT-RENT REVIEWS
942 _n0
948 _c04/03/1997
999 _c19670
_d19670